Cambridge ielts 6 : Examination papers from university of Cambridge ESOL examinations: English for speakers of other languages

The book includes an introduction to these different modules together with an explanation of the scoring system used by Cambridge ESOL. The comprehensive section of answers and tapescripts means that the material is ideal for students working partly or entirely on their own. A self-study pack (

Bewaard in:
Bibliografische gegevens
Formaat: Boek
Taal:Undetermined
Gepubliceerd in: New York Cambridge 2007
Onderwerpen:
Tags: Voeg label toe
Geen labels, Wees de eerste die dit record labelt!
Thư viện lưu trữ: Trung tâm Học liệu Trường Đại học Cần Thơ
LEADER 00970nam a2200205Ia 4500
001 CTU_191024
008 210402s9999 xx 000 0 und d
020 |c 90000 
082 |a 428.0076 
082 |b C178/Vol.6 
245 0 |a Cambridge ielts 6 : 
245 0 |b Examination papers from university of Cambridge ESOL examinations: English for speakers of other languages 
260 |a New York 
260 |b Cambridge 
260 |c 2007 
520 |a The book includes an introduction to these different modules together with an explanation of the scoring system used by Cambridge ESOL. The comprehensive section of answers and tapescripts means that the material is ideal for students working partly or entirely on their own. A self-study pack ( 
650 |a English language,English language,Ngôn ngứ Anh 
650 |x Study guides,Examinations,Câu hỏi và bài tập 
904 |i Tuyến 
980 |a Trung tâm Học liệu Trường Đại học Cần Thơ